[Event "172-nd open MGU"]
[Site "Sofia"]
[Date "2016.09.18"]
[Round "6.4"]
[White "Tenev, Bogdan"]
[Black "Georgiev, Nikolay Zh."]
[Result "1/2-1/2"]
[WhiteElo "1429"]
[BlackElo "1562"]
[PlyCount "112"]
[EventDate "2016.09.17"]
[EventType "swiss"]
[EventRounds "6"]
[EventCountry "BUL"]

1. d4 d5 2. Nc3 Nf6 3. Bg5 Bf5 4. Bxf6 exf6 5. e3 c6 6. Bd3 Bxd3 7. Qxd3 g6 8.
Nf3 f5 9. O-O Bg7 10. Rfe1 O-O 11. Nd2 Nd7 12. f3 Qc7 13. e4 fxe4 14. fxe4 dxe4
15. Ncxe4 c5 16. c3 cxd4 17. cxd4 Rac8 18. Nb3 Qc2 19. Qxc2 Rxc2 20. Rab1 b6
21. Nc3 Rd8 22. Re2 Rxe2 23. Nxe2 Nf6 24. Rc1 Nd5 25. a3 Kf8 26. Nc3 Ke7 27.
Nxd5+ Rxd5 28. Rc7+ Rd7 29. Rxd7+ Kxd7 30. Kf2 Kd6 31. Ke3 Kd5 32. Kd3 f5 33.
a4 f4 34. h3 h5 35. Nd2 Bxd4 36. b4 Bf6 37. Ne4 Be7 38. Nc3+ Ke5 39. b5 Bb4 40.
Ne2 Bc5 41. Nc3 g5 42. Ne4 Be7 43. g3 g4 44. hxg4 hxg4 45. gxf4+ Kxf4 46. Kd4
g3 47. Nxg3 Kxg3 48. Kd5 Kf4 49. Kc6 Ke5 50. Kb7 Bc5 51. Kxa7 Kd5 52. Ka6 Kc4
53. a5 bxa5 54. Kxa5 Kd5 55. b6 Bxb6+ 56. Kxb6 Ke5 1/2-1/2

[Event "172-nd open MGU"]
[Site "Sofia"]
[Date "2016.09.18"]
[Round "6.5"]
[White "Mladenov, Andrey"]
[Black "Angelov, Georgi"]
[Result "0-1"]
[WhiteElo "1641"]
[BlackElo "1740"]
[PlyCount "50"]
[EventDate "2016.09.17"]
[EventType "swiss"]
[EventRounds "6"]
[EventCountry "BUL"]

1. e4 c5 2. Nf3 d6 3. d4 cxd4 4. Nxd4 Nf6 5. Nc3 e6 6. Bc4 Be7 7. O-O a6 8. Bb3
Nc6 9. f4 Na5 10. e5 Nxb3 11. axb3 dxe5 12. fxe5 Bc5 13. Be3 Nd5 14. Bf2 O-O
15. Ne4 Bb6 16. c4 Ne7 17. Nd6 Ng6 18. Bg3 Qg5 19. Re1 Bd7 20. Kh1 Bxd4 21.
Qxd4 Bc6 22. Rf1 Rad8 23. c5 h5 24. Nxf7 Qxg3 25. Nd6 Qxg2# 0-1